00973nam a2200301Ia 4500001000900000003000500009005001700014008004100031010001100072020001800083040000900101082001900110100002200129245015200151250001100303260003700314300001800351500006300369503000800432504002800440650002300468650002900491650002800520650002600548700002800574700003900602700003000641dia_3558CHAP20251027145039.0220117s2002 xx 000 0 und d a174017 a970-10-3648-4 cCHAP a660.2 M33 2002 aMcCabe, Warren L. aOperaciones unitarias en Ingeniería Química /c Warren L. McCabe, Julian C. Smith y Peter Harriott ; traducción María Aurora Lanto Arriola a6a ed. aMéxico :b McGraw-Hill,c2002 axvii, 1199 p. aTítulo original: Unit Operations of Chemical Engineering aC/e aIncluye bibliografías aChemical processes aIngeniería química  aMecánica de fluidos  aProcesos químicos  aHarriot, Peter, coaut.  aLanto Arriola, María Aurora, tr. aSmith, Julian C., coaut.